000 00859pam a2200289 a 4500
999 _c6938
_d6938
001 3733619
003 GBCCL
005 20241126110615.0
008 810924s1982 nyua b 001 0 eng
010 _a 81016100
020 _a0471059501
040 _aDLC
_cDLC
_dDLC
050 0 0 _aRT41
_b.N33
060 _aWY 100 N234f
082 0 0 _a610.73
_219
_bNAR
100 1 _aNarrow, Barbara W.
_912358
245 1 0 _aFundamentals of nursing practice /
_cBarbara W. Narrow, Kay Brown Buschle.
260 _aNew York :
_bWiley,
_c1982.
300 _axxvi, 676 p. :
_bill. ;
_c29 cm.
440 2 _aA Wiley medical publication
_912359
504 _aIncludes bibliographies and index.
650 0 _aNursing.
_912360
650 2 _aNursing.
_912360
700 1 _aBuschle, Kay Brown.
_912361
906 _a7
_bcbc
_corignew
_d1
_eocip
_f19
_gy-gencatlg
942 _2ddc
_cREF